Néhány kiegészítő megjegyzés a zsidókérdésről
Elmentve itt :
| Szerző: | |
|---|---|
| Adatforrás: | Philobibl |
| Forrásdokumentuma: | Huszadik Század 37.1949:1. p. 47-53. |
| Dokumentumtípus: | Cikk |
| Nyelv: | magyar |
| Kulcsszavak: | társadalomelmélet |
| LEADER | 00342nab a2200109 c 4500 | ||
|---|---|---|---|
| 001 | bibPHI0036000 | ||
| 005 | 20200924123558.4 | ||
| 008 | 091120s1949 hu hun | ||
| 100 | 1 | |a Bibó István | |
| 245 | 1 | 0 | |a Néhány kiegészítő megjegyzés a zsidókérdésről |c Bibó István |
| 695 | |a társadalomelmélet | ||
| 773 | 0 | |t Huszadik Század |g 37.1949:1. p. 47-53. | |